Kristova trnová koruna : Paříž, Sainte-Chapelle a dvorské umění svatého Ludvíka /

Salvato in:
Dettagli Bibliografici
Autore principale: Kováč, Peter (Autore)
Natura: Libro
Lingua:ceco
Pubblicazione: Praha : Peter Kováč - ARS AURO PRIOR, 2009
Edizione:1. vydanie
Soggetti:
Tags: Aggiungi Tag
Nessun Tag, puoi essere il primo ad aggiungerne!!

MARC

LEADER 00000nam a22000003a 4500
001 0064759
003 SK-STU
005 20190325175336.1
007 ta
008 180425s ----xo-----e------000-0-----d
020 |a 978-80-904298-0-2 
040 |a STU  |b slo 
041 0 |a cze 
044 |a xr 
100 1 |a Kováč, Peter  |4 aut 
245 1 0 |a Kristova trnová koruna :  |b Paříž, Sainte-Chapelle a dvorské umění svatého Ludvíka /  |c aut. Peter Kováč 
250 |a 1. vydanie 
260 |a Praha :  |b Peter Kováč - ARS AURO PRIOR,  |c 2009 
300 |a 383 s. 
650 0 7 |a gotika 
650 0 7 |a katedrála 
650 0 7 |a gotická architektúra 
650 0 7 |a sakrálna architektúra 
650 0 7 |a Katedrála Notre-Dame 
650 0 7 |a stredoveká architektúra 
650 0 7 |a Paríž 
996 |b 284AU07390  |c A* 10639/U  |l AAKNST  |s P  |a 0  |w 0064759_0001